Statistiques concernant Coupes du Monde de Football: Hongrie

Cliquez ici pour prendre le quiz!

Statistiques générales

  • Ce quiz a été pris 85 fois
  • Le résultat moyen est 17 sur 22

Statistiques - réponses

Réponse% Correct
France
98%
Argentine
97%
RFA
97%
Italie
95%
Brésil
94%
Suède
91%
Uruguay
91%
Angleterre
86%
URSS
86%
Suisse
85%
Portugal
83%
Autriche
82%
Mexique
82%
Corée du Sud
80%
Tchécoslovaquie
80%
Belgique
79%
Canada
71%
Bulgarie
65%
Egypte
62%
Salvador
55%
Pays de Galles
50%
Indes Orientales Néerlandaises
32%

Distribution des résultats

Percentile par nombre de réponses

% des personnes avec chaque résultat

Votre développement - résultats

Vous n’avez pas pris ce quiz